000 00847nam a2200253Ia 4500
003 OSt
005 20220923221927.0
006 a|||||r|||| 00| 0
007 ta
008 220922b |||||||| |||| 00| 0 mal d
024 _a201,159
037 _cTextual
040 _aARTS
_cARTS
_bmal
041 _2mal
_amal
082 _aO32,1N01x, 152K6
100 _aकुरूप, जी0 शंकर
_9162090
245 0 _aएक और नचिकेता तथा अन्य कवितायं
246 _aEk aur nachiketā tathā anya kavitāyan
260 _c1973
490 _aKkuihB yksdksn; xzUFkekyk y{ehpUnz tSu }kjk laik 241
650 _aमलयालम साहित्य
_9156264
942 _hO32,1N01x, 152K6
_cTEXL
_2CC
999 _c352812
_d352812